|
|
|
|
| LEADER |
00000nam a2200000 a 4500 |
| 001 |
vtls001384683 |
| 003 |
SK-MaSNL |
| 005 |
20260302071559.0 |
| 008 |
160624s2000 xo 0 cze |
| 015 |
|
|
|a SNBJ2000/01-00097
|
| 035 |
|
|
|a SNK000338796
|
| 040 |
|
|
|a SNK
|b slo
|c SNK
|e AACR2
|
| 041 |
0 |
|
|a cze
|
| 044 |
|
|
|a xo
|c SK
|
| 080 |
|
|
|a 791.43(73)(086.8)
|2 1981
|
| 245 |
1 |
|
|a Útěk v hlubinách
|h videozáznam
|b útěk na palubě malé ponorky
|c réžia Jean Pellerin
|
| 260 |
|
|
|a Bratislava
|b Davay
|c 2000
|
| 300 |
|
|
|a 1 videokazeta (90 min.)
|b stereo, fareb., VHS systém PAL
|c 10x19 cm
|
| 511 |
|
|
|a Hrajú: Rob Lowe a ďalší
|
| 650 |
0 |
7 |
|a filmy akčné
|x videokazety
|2 SNK
|9 283651
|
| 655 |
|
7 |
|a videokazety
|2 SNK
|9 70726
|
| 700 |
1 |
|
|a Pellerin, Jean
|4 aud
|9 523137
|
| 700 |
1 |
|
|a Lowe, Rob
|4 uci
|9 523138
|
| 999 |
|
|
|c 1152747
|d 1154677
|
| 952 |
|
|
|t P65, <07>, [BOOK], {657}
|a SNK
|b SNK
|y PREZ
|7 0
|p 17A0230773
|o snkSVC 1222
|i snkJK 39/2000
|0 0
|1 0
|4 0
|d 2000-03-09
|l 0
|r 2005-01-02 00:00:00
|w 2026-02-24
|